000 00779nmc a2200277 a 4500
003 AR-BaBNM
005 20251128211738.0
008 106020s2005 ||||||||||||||000 | spa||
020 _a84-8063-727-7
040 _cAR-BaBNM
100 1 _aFueguel, Cora
245 1 0 _aEl malestar docente
_bpropuestas creativas para reducir el estrés del profesorado
250 _a1ª ed.
260 _aBarcelona
_bOctaedro
_c2005
300 0 _a95 p.
490 0 _aSalud y educación
504 _aContiene referencias bibliográficas
650 4 _aROL DEL DOCENTE
650 4 _aSTRESS
650 4 _aRELACION ALUMNO-DOCENTE
653 0 _aPROFESIONALIZACION DOCENTE
653 0 _aESTRATEGIAS EDUCATIVAS
700 1 _aMontoliu, María Rosa
942 _cBK
998 _cme-solo cat
999 _c20931
_d20931